• 首页
  • 本馆介绍
  • 公告通知
  • 最新文献
  • 馆藏检索
  • 电子资源
  • 读者导购
  • 参考咨询
  • 我的图书馆
  • 登录
  • 详细信息显示
  • 放入我的书架
  • 预约/预借图书
  • 作者相关作品
  • 分类相关作品
  • 丛书相关作品
  • 出版社相关作品

书目信息

  • 表格格式
  • 工作单格式
  • 卡片格式
题名:
草书大字典
    
 
作者:
分册: 上册  
出版信息: 北京   中国书店  1983.06
页数: 566页
开本: 19cm
丛书名:
单 册:
中图分类: J292.34
科图分类:
主题词: 书法--中国 , 篆刻--中国
电子资源:
ISBN:
000 00589nam0 2200241 45
001 0183004091
005 20031218153439.6
010    @dCNY7.00
100    @a19950619d1983 emky0chiy0121 ea
101 0  @achi
102    @aCN@b110000
105    @ay e 000yy
106    @ar
200 10 @a草书大字典@h上册@Acao shu da zi dian
205    @b影印本
210    @a北京@c中国书店@d1983.06
215    @a566页@d19cm
606 0  @a书法@x中国
606 0  @a篆刻@x中国
690    @aJ292.34
801  0 @aCN@b上海图书馆@c20031218
801  2 @aCN@bNLC@c20031218
905    @f1@b147657@dJ292.34@e111:1
    
    草书大字典.上册.-影印本.-北京:中国书店,1983.06
    566页;19cm
    
    
    ISBN :CNY7.00
    
●
相关链接 在E读中查询图书 在五车中查询图书 在当当中查询图书 在豆瓣中查询图书


正题名:草书大字典     索取号:J292.34/111:1         预约/预借

序号 登录号 条形码 馆藏地/架位号 状态 备注
1 0147657   001662971   密集书库/ [索取号:J292.34/111:1] 在馆    
2 0147658   000792716   第一样本阅览室/ [索取号:J292.34/111:1] 在馆    
唐山师范学院图书馆 欢迎您!
大连网信软件有限公司© 版权所有